000 00273nam a2200109Ia 4500
008 200302s9999 xx 000 0 und d
100 _aBernd Kniess
245 _aDd : Design Document Series 20 : Adaptions
260 _bSuh Kyongwon, Germany
260 _c2007
300 _a239
999 _c4629
_d4629